| 000 | 00480nam a2200133 a 4500 | ||
|---|---|---|---|
| 008 | 120416s1966 ||||||||||||||||| || u | ||
| 050 | _aT 379 Pal | ||
| 100 | _aPalmquist, Roland E | ||
| 245 | 1 | 0 | _aAudel's answers on blueprint reading |
| 260 |
_aIndianapolis _bTheodore Audel & Co _c1966 |
||
| 300 | _a405p. : ill. | ||
| 350 | _a0.00 | ||
| 995 |
_D0.00 _FCBU-MAIN LIBRARY (Kitwe) _H1 _I8.75 _M1 _UDAMAGED _ZMain Library Open Access Collection |
||
| 999 |
_c35275 _d35275 |
||